00744nam a2200169 a 450000100100000000500170001000800410002704000250006810000290009324501280012226000500025030000360030004900090033695201060034595201060045199900170055700003564620200930074511.0111107s2004 dr 000 0 spa d aDO-SdBNPbspacBNPHU1 aMirabal, Franklin95979110aIncreíble :binspirado en el juego de 16 entradas de Juan Marichal /cFranklin Mirabal ; prólogo Rafael Molina Morillo. a[Santo Domingo] :bEditora Corripio,c[20uu]? a104 p. :bil., retrs. ;c29 cm. aBNPD 00107-18PDaPDbPDcOId2011-11-07iLF1l0o p35646-10r2020-06-25w2020-06-25yLFPDZNo se presta 00107-18PDaPDbPDcOId2011-11-07iLF1l0o p35646-20r2020-06-25w2020-06-25yLFPDZNo se presta c35137d35137